Principles and Practice of Bank Management (Record no. 204536)

MARC details
000 -LEADER
fixed length control field 00531nam a2200205Ia 4500
008 - FIXED-LENGTH DATA ELEMENTS--GENERAL INFORMATION
fixed length control field 240823s9999||||xx |||||||||||||| ||und||
020 ## - INTERNATIONAL STANDARD BOOK NUMBER
International Standard Book Number 978-93-5024-107-3
082 ## - DEWEY DECIMAL CLASSIFICATION NUMBER
-- 332.1068 Q1
100 ## - MAIN ENTRY--PERSONAL NAME
Personal name subha rao p
245 #0 - TITLE STATEMENT
Title Principles and Practice of Bank Management
250 ## - EDITION STATEMENT
Edition statement 2 nd
260 ## - PUBLICATION, DISTRIBUTION, ETC. (IMPRINT)
Date of publication, distribution, etc 2011
Name of publisher, distributor, etc "Himalaya Publishing House, Bombay,"
500 ## - GENERAL NOTE
General note YES
650 ## - SUBJECT ADDED ENTRY--TOPICAL TERM
Topical term or geographic name as entry element bank management
700 ## - ADDED ENTRY--PERSONAL NAME
Personal name khanna p k
942 ## - ADDED ENTRY ELEMENTS (KOHA)
Item type Books
Holdings
Withdrawn status Lost status Damaged status Permanent location Current location Shelving location Date acquired Source of acquisition Cost, normal purchase price Full call number Barcode Date last seen Koha item type
      CENTRAL LIBRARY, NOORUL ISLAM CENTRE FOR HIGHER EDUCATION CENTRAL LIBRARY, NOORUL ISLAM CENTRE FOR HIGHER EDUCATION   05/22/2014 Current Book House 175.00 332.1068 Q1 55343 08/23/2024 Books
Visitors:
Copyright © 2024 Central Library NICHE.  All rights reserved.